| 000 | 00519nam a2200181 i 4500 | ||
|---|---|---|---|
| 001 | 71694 | ||
| 003 | ES-MaACL | ||
| 005 | 20230906171212.0 | ||
| 007 | t| | ||
| 008 | 040817s1902 fr ||||1| fre d | ||
| 080 | _a270"18" | ||
| 100 | 1 |
_aGerminy, Charles de. _956477 |
|
| 245 | 1 | 3 |
_aLa politique de Leon XIII / _cCharles de Germiny ; preface de M. François Coppée. |
| 260 |
_a[Tours : _bDeslis Freres, _c1902] |
||
| 300 |
_a290 p. ; _c19 cm. |
||
| 700 | 1 |
_aCoppée, François. _940420 |
|
| 852 |
_aES-MaACL _jF-5845 |
||
| 999 |
_c71694 _d71694 |
||